| 000 | 00606nam a2200193 i 4500 | ||
|---|---|---|---|
| 001 | 52184 | ||
| 003 | ES-MaACL | ||
| 005 | 20230906162534.0 | ||
| 007 | t| | ||
| 008 | 030826s1972 sp ||||1| spa d | ||
| 100 | 1 |
_aChristophe, J. _938669 |
|
| 245 | 1 | 3 |
_aEl pert y la construcción / _cJ. Christophe, Y. Evrard, M. Nalaize ; traductor, Francisco Fontanals. |
| 260 |
_aMadrid : _bI.E.E., _c[1972] |
||
| 300 |
_a221 p., 9 plan. pleg. : _bil. ; _c27 cm. |
||
| 700 | 1 |
_aEvrard, Y. _948403 |
|
| 700 | 1 |
_aNalaize, M. _984881 |
|
| 700 | 1 |
_aFontanals, Francisco. _951605 |
|
| 852 |
_aES-MaACL _jC-42920 _bR.82170 |
||
| 999 |
_c52184 _d52184 |
||